000 00659nam a2200277Ia 4500
005 20260324143002.0
008 008 260324s9999 xx 000 0 eng d
020 _a9781315222356
037 _aEBOOK
040 _aCRL
040 _beng
040 _cCRL
041 _2eng
041 _aeng
084 _qCRL
100 _aJ. Lewis Blackburn
_91213970
245 0 _aSymmetrical Components for Power Systems Engineering
260 _bTaylor and Francis
260 _c1993
365 _a
365 _b340
856 _uhttp://www.taylorfrancis.com/books/9781315222356
942 _cEBOOK
999 _c1818812
_d1818812